Difusión de conocimientos matemáticos a los colegios mexicanos del siglo XIX: de la noción de cantidad al concepto de límite. 1847-1900

Guardat en:
Dades bibliogràfiques
Autor principal: Camacho, Alberto (Autor)
Format: Llibre
Idioma:espanyol
Publicat: Madrid Ediciones Díaz de Santos 2009
Matèries:
Etiquetes: Afegir etiqueta
Sense etiquetes, Sigues el primer a etiquetar aquest registre!

MARC

LEADER 00000cam a2200000 a 4500
001 UCF3458
003 CL-VaPUC
008 121011e20090000SP |||||||||||||||||spa|d
020 |a 9788479789066 
082 0 4 |a 510.97205  |b CAM  |2 21 
100 0 |a Camacho, Alberto  |e author  |9 565282 
245 1 0 |a Difusión de conocimientos matemáticos a los colegios mexicanos del siglo XIX: de la noción de cantidad al concepto de límite. 1847-1900 
300 |a 160 p 
942 |c BK 
945 |d 20121011 00:00:00  |a dcastane 
260 |a Madrid  |b Ediciones Díaz de Santos  |c 2009 
650 0 |a Historia de las matemáticas   |9 265664 
650 0 |a Matemáticas  |x Enseñanza  |9 875527 
650 7 |a HISTORIA DE MEXICO SIGLO 19  |2 CL-VaPUC  |9 406852 
583 |a last modification  |c 20121011 12:23:00  |k Rodrigo Vera 
999 |c 349780  |d 349778 
952 |0 0  |1 0  |4 0  |6 510_972050000000000_CAM_2009  |7 0  |8 A  |9 452557  |a BIBMAT  |b BIBMAT  |c E_DIDACT  |d 2019-11-22  |i 4915305  |o 510.97205 CAM 2009  |p 4915305  |r 2025-01-07  |w 2019-11-22  |y BK  |k MAT